Lippuja paljastavia lippuja #2 - Statistics

Yleistilastot
  • Tätä visaa on pelattu 1 933 kertaa
  • Keskiarvotulos 15 / 21
Vastaukset kartalla
Vastauksille on annettu kartalla punavihreä väri sen mukaan, kuinka moni on saanut sen oikein.
 
Vastaustilastot
Vastaus % Oikein
Yhdistynyt kuningaskunta
97%
Pohjois-Makedonia
93%
Jamaika
92%
Valko-Venäjä
90%
Kazakstan
87%
Bosnia ja Hertsegovina
86%
Sri Lanka
80%
Unkari
75%
Etiopia
73%
Honduras
72%
Nigeria
69%
Uzbekistan
68%
Seychellit
65%
Libya
64%
Malesia
64%
Saint Lucia
64%
Brunei
62%
Nauru
61%
Zimbabwe
56%
Tuvalu
52%
Etelä-Sudan
50%
Ehtoja vastaavia visoja ei löytynyt
Tulosjakauma
Jokaisen tuloksen saaneiden osuus
Persentiili vastausten määrän mukaan
Tuloshistoriasi
Et ole pelannut tätä visaa